<?xml version="1.0" encoding="UTF-8"?>
<record
    xmlns:xsi="http://www.w3.org/2001/XMLSchema-instance"
    xsi:schemaLocation="http://www.loc.gov/MARC21/slim http://www.loc.gov/standards/marcxml/schema/MARC21slim.xsd"
    xmlns="http://www.loc.gov/MARC21/slim">

  <leader>02219nam a22002897a 4500</leader>
  <controlfield tag="003">NALT</controlfield>
  <controlfield tag="005">20250327173936.0</controlfield>
  <controlfield tag="008">220202b        th ||||| |||| 00| 0 tha d</controlfield>
  <datafield tag="020" ind1=" " ind2=" ">
    <subfield code="a">9789742867041</subfield>
  </datafield>
  <datafield tag="040" ind1=" " ind2=" ">
    <subfield code="a">NALT</subfield>
  </datafield>
  <datafield tag="041" ind1=" " ind2=" ">
    <subfield code="a">tha</subfield>
  </datafield>
  <datafield tag="050" ind1=" " ind2=" ">
    <subfield code="a">QL 634.T5</subfield>
    <subfield code="b">&#xE1B;484 2552</subfield>
  </datafield>
  <datafield tag="245" ind1="0" ind2="0">
    <subfield code="a">&#xE1B;&#xE25;&#xE32;&#xE43;&#xE19;&#xE25;&#xE38;&#xE48;&#xE21;&#xE19;&#xE49;&#xE33;&#xE17;&#xE30;&#xE40;&#xE25;&#xE2A;&#xE32;&#xE1A;&#xE2A;&#xE07;&#xE02;&#xE25;&#xE32; /</subfield>
    <subfield code="c">&#xE1A;&#xE23;&#xE23;&#xE13;&#xE32;&#xE18;&#xE34;&#xE01;&#xE32;&#xE23; &#xE1B;&#xE31;&#xE17;&#xE21;&#xE32;&#xE20;&#xE23;&#xE13;&#xE4C; &#xE2B;&#xE21;&#xE32;&#xE14;&#xE19;&#xE38;&#xE49;&#xE22; &#xE41;&#xE25;&#xE30;&#xE28;&#xE31;&#xE01;&#xE14;&#xE34;&#xE4C;&#xE2D;&#xE19;&#xE31;&#xE19;&#xE15;&#xE4C; &#xE1B;&#xE25;&#xE32;&#xE17;&#xE2D;&#xE07;.</subfield>
  </datafield>
  <datafield tag="250" ind1=" " ind2=" ">
    <subfield code="a">&#xE1E;&#xE34;&#xE21;&#xE1E;&#xE4C;&#xE04;&#xE23;&#xE31;&#xE49;&#xE07;&#xE17;&#xE35;&#xE48; 1.</subfield>
  </datafield>
  <datafield tag="260" ind1=" " ind2=" ">
    <subfield code="a">&#xE2A;&#xE07;&#xE02;&#xE25;&#xE32; :</subfield>
    <subfield code="b">&#xE28;&#xE39;&#xE19;&#xE22;&#xE4C;&#xE27;&#xE34;&#xE08;&#xE31;&#xE22;&#xE17;&#xE23;&#xE31;&#xE1E;&#xE22;&#xE32;&#xE01;&#xE23;&#xE17;&#xE32;&#xE07;&#xE17;&#xE30;&#xE40;&#xE25;&#xE41;&#xE25;&#xE30;&#xE0A;&#xE32;&#xE22;&#xE1D;&#xE31;&#xE48;&#xE07;&#xE2D;&#xE48;&#xE32;&#xE27;&#xE44;&#xE17;&#xE22;&#xE15;&#xE2D;&#xE19;&#xE25;&#xE48;&#xE32;&#xE07; &#xE01;&#xE23;&#xE21;&#xE17;&#xE23;&#xE31;&#xE1E;&#xE22;&#xE32;&#xE01;&#xE23;&#xE17;&#xE32;&#xE07;&#xE17;&#xE30;&#xE40;&#xE25;&#xE41;&#xE25;&#xE30;&#xE0A;&#xE32;&#xE22;&#xE1D;&#xE31;&#xE48;&#xE07; &#xE01;&#xE23;&#xE30;&#xE17;&#xE23;&#xE27;&#xE07;&#xE17;&#xE23;&#xE31;&#xE1E;&#xE22;&#xE32;&#xE01;&#xE23;&#xE18;&#xE23;&#xE23;&#xE21;&#xE0A;&#xE32;&#xE15;&#xE34;&#xE41;&#xE25;&#xE30;&#xE2A;&#xE34;&#xE48;&#xE07;&#xE41;&#xE27;&#xE14;&#xE25;&#xE49;&#xE2D;&#xE21;,</subfield>
    <subfield code="c">2552.</subfield>
  </datafield>
  <datafield tag="300" ind1=" " ind2=" ">
    <subfield code="a">&#xE01;-&#xE0B;, 279, [21] &#xE2B;&#xE19;&#xE49;&#xE32; :</subfield>
    <subfield code="b">&#xE20;&#xE32;&#xE1E;&#xE1B;&#xE23;&#xE30;&#xE01;&#xE2D;&#xE1A; ;</subfield>
    <subfield code="c">21 &#xE0B;&#xE21;.</subfield>
  </datafield>
  <datafield tag="490" ind1=" " ind2="0">
    <subfield code="a"> &#xE42;&#xE04;&#xE23;&#xE07;&#xE01;&#xE32;&#xE23;&#xE28;&#xE36;&#xE01;&#xE29;&#xE32;&#xE23;&#xE27;&#xE1A;&#xE23;&#xE27;&#xE21;&#xE02;&#xE49;&#xE2D;&#xE21;&#xE39;&#xE25;&#xE2A;&#xE32;&#xE23;&#xE2A;&#xE19;&#xE40;&#xE17;&#xE28; &#xE41;&#xE25;&#xE30;&#xE41;&#xE1C;&#xE19;&#xE17;&#xE35;&#xE48;&#xE04;&#xE27;&#xE32;&#xE21;&#xE2B;&#xE25;&#xE32;&#xE01;&#xE2B;&#xE25;&#xE32;&#xE22;&#xE17;&#xE32;&#xE07;&#xE0A;&#xE35;&#xE27;&#xE20;&#xE32;&#xE1E;&#xE41;&#xE25;&#xE30;&#xE17;&#xE23;&#xE31;&#xE1E;&#xE22;&#xE32;&#xE01;&#xE23;&#xE17;&#xE32;&#xE07;&#xE17;&#xE30;&#xE40;&#xE25; &#xE25;&#xE38;&#xE48;&#xE21;&#xE19;&#xE49;&#xE33;&#xE17;&#xE30;&#xE40;&#xE25;&#xE2A;&#xE32;&#xE1A;&#xE2A;&#xE07;&#xE02;&#xE25;&#xE32;.</subfield>
  </datafield>
  <datafield tag="505" ind1="0" ind2=" ">
    <subfield code="a">&#xE04;&#xE27;&#xE32;&#xE21;&#xE40;&#xE1B;&#xE47;&#xE19;&#xE21;&#xE32; -- &#xE1A;&#xE17;&#xE19;&#xE33; -- &#xE02;&#xE49;&#xE2D;&#xE21;&#xE39;&#xE25;&#xE17;&#xE31;&#xE48;&#xE27;&#xE44;&#xE1B;&#xE17;&#xE30;&#xE40;&#xE25;&#xE2A;&#xE32;&#xE1A;&#xE2A;&#xE07;&#xE02;&#xE25;&#xE32; -- &#xE1B;&#xE25;&#xE32;&#xE43;&#xE19;&#xE25;&#xE38;&#xE48;&#xE21;&#xE19;&#xE49;&#xE33;&#xE17;&#xE30;&#xE40;&#xE25;&#xE2A;&#xE32;&#xE1A;&#xE2A;&#xE07;&#xE02;&#xE25;&#xE32; -- &#xE20;&#xE32;&#xE04;&#xE1C;&#xE19;&#xE27;&#xE01;.</subfield>
  </datafield>
  <datafield tag="650" ind1=" " ind2="4">
    <subfield code="a">&#xE1B;&#xE25;&#xE32;</subfield>
    <subfield code="z">&#xE17;&#xE30;&#xE40;&#xE25;&#xE2A;&#xE32;&#xE1A;&#xE2A;&#xE07;&#xE02;&#xE25;&#xE32;</subfield>
    <subfield code="9">65637</subfield>
  </datafield>
  <datafield tag="650" ind1=" " ind2="4">
    <subfield code="9">50222</subfield>
    <subfield code="a">&#xE17;&#xE30;&#xE40;&#xE25;&#xE2A;&#xE32;&#xE1A;</subfield>
    <subfield code="z">&#xE44;&#xE17;&#xE22; </subfield>
    <subfield code="z">&#xE2A;&#xE07;&#xE02;&#xE25;&#xE32; </subfield>
  </datafield>
  <datafield tag="700" ind1="0" ind2=" ">
    <subfield code="a">&#xE1B;&#xE31;&#xE17;&#xE21;&#xE32;&#xE20;&#xE23;&#xE13;&#xE4C; &#xE2B;&#xE21;&#xE14;&#xE19;&#xE38;&#xE49;&#xE22;</subfield>
    <subfield code="9">56453</subfield>
  </datafield>
  <datafield tag="700" ind1="0" ind2=" ">
    <subfield code="a">&#xE28;&#xE31;&#xE01;&#xE14;&#xE34;&#xE4C;&#xE2D;&#xE19;&#xE31;&#xE19;&#xE15;&#xE4C; &#xE1B;&#xE25;&#xE32;&#xE17;&#xE2D;&#xE07;</subfield>
    <subfield code="9">47169</subfield>
  </datafield>
  <datafield tag="710" ind1="2" ind2=" ">
    <subfield code="a">&#xE01;&#xE23;&#xE30;&#xE17;&#xE23;&#xE27;&#xE07;&#xE17;&#xE23;&#xE31;&#xE1E;&#xE22;&#xE32;&#xE01;&#xE23;&#xE18;&#xE23;&#xE23;&#xE21;&#xE0A;&#xE32;&#xE15;&#xE34;&#xE41;&#xE25;&#xE30;&#xE2A;&#xE34;&#xE48;&#xE07;&#xE41;&#xE27;&#xE14;&#xE25;&#xE49;&#xE2D;&#xE21;.</subfield>
    <subfield code="b">&#xE01;&#xE23;&#xE21;&#xE17;&#xE23;&#xE31;&#xE1E;&#xE22;&#xE32;&#xE01;&#xE23;&#xE17;&#xE32;&#xE07;&#xE17;&#xE30;&#xE40;&#xE25;&#xE41;&#xE25;&#xE30;&#xE0A;&#xE32;&#xE22;&#xE1D;&#xE31;&#xE48;&#xE07;</subfield>
    <subfield code="9">866</subfield>
  </datafield>
  <datafield tag="850" ind1=" " ind2=" ">
    <subfield code="a">NALT</subfield>
  </datafield>
  <datafield tag="942" ind1=" " ind2=" ">
    <subfield code="2">lcc</subfield>
    <subfield code="c">GB</subfield>
  </datafield>
  <datafield tag="996" ind1=" " ind2=" ">
    <subfield code="a">kornsiririn.r</subfield>
    <subfield code="b">CATSTF	</subfield>
    <subfield code="c">2024-04-22</subfield>
  </datafield>
  <datafield tag="999" ind1=" " ind2=" ">
    <subfield code="c">99237</subfield>
    <subfield code="d">99237</subfield>
  </datafield>
  <datafield tag="998" ind1=" " ind2=" ">
    <subfield code="j">3099</subfield>
    <subfield code="k"> &#xE1E;&#xE23;&#xE27;&#xE34;&#xE17;&#xE39;  &#xE42;&#xE04;&#xE49;&#xE27;&#xE04;&#xE0A;&#xE32;&#xE20;&#xE23;&#xE13;&#xE4C;</subfield>
  </datafield>
  <datafield tag="952" ind1=" " ind2=" ">
    <subfield code="0">0</subfield>
    <subfield code="1">0</subfield>
    <subfield code="2">lcc</subfield>
    <subfield code="4">0</subfield>
    <subfield code="7">0</subfield>
    <subfield code="8">CSEN</subfield>
    <subfield code="a">NALT</subfield>
    <subfield code="b">NALT</subfield>
    <subfield code="c">GEN</subfield>
    <subfield code="d">2022-02-02</subfield>
    <subfield code="o">QL 634.T5 &#xE1B;484 2552</subfield>
    <subfield code="p">0100007799001</subfield>
    <subfield code="r">2022-02-02 00:00:00</subfield>
    <subfield code="w">2022-02-02</subfield>
    <subfield code="y">GB</subfield>
  </datafield>
</record>
